000 00584nam a2200205 i 4500
001 bgj
100 1 _aEASTWOOD, John
_d(1945- )
245 1 0 _aOxford Practice Grammar :
_bwith answers /
_cJohn Eastwood.
250 _a[9th impr.].
260 _aOxford :
_bOxford University Press,
_c2001.
300 _a423 pp :
_bill. ;
_c25 cm.
505 _aIncludes index.
650 9 _aEnglish language
_xGrammar
_xProblems, exercises, etc.
020 _a0194313697
040 _cBPK
041 0 _aeng
920 _a0-19-431369-7
942 _cKS
008 s uk f |000 0 eng
999 _c48243
_d48243
856 _uhttp://koha.tu.koszalin.pl/cgi-bin/koha/opac-detail.pl?biblionumber=48243
_yKatalog online BPK